[Event "Vojvodina-chT 21st"]
[Site "Backa Palanka"]
[Date "2021.10.27"]
[Round "7.2"]
[White "Balla, Tamas Kristof"]
[Black "Desnica, Vladan"]
[Result "1/2-1/2"]
[WhiteElo "2324"]
[BlackElo "2303"]
[PlyCount "48"]
[EventDate "2021.10.23"]
[EventType "team-tourn"]
[EventRounds "11"]
[EventCountry "SRB"]
[SourceTitle "CBM 204 Extra"]
[Source "ChessBase"]
[SourceDate "2021.11.30"]
[SourceVersion "1"]
[SourceVersionDate "2021.11.30"]
[SourceQuality "1"]
[WhiteTeam "Senta"]
[BlackTeam "Petrovaradin Kraljica"]
[WhiteTeamCountry "SRB"]
[BlackTeamCountry "SRB"]

1. d4 d5 2. Bf4 e6 3. e3 Bd6 4. Bg3 Nf6 5. Nd2 0-0 6. Bd3 b6 7. Qe2 Bb7 8. Ngf3 Ne4 9. 0-0 Nd7 10. c4 Bxg3 11. hxg3 c5 12. cxd5 exd5 13. dxc5 bxc5 14. Ba6 Bxa6 15. Qxa6 Nxd2 16. Nxd2 Qb6 17. Qa3 Rab8 18. b3 Rfc8 19. Rac1 a5 20. Qa4 Nf6 21. Qf4 a4 22. Rc2 axb3 23. axb3 Qb4 24. Rfc1 Qxf4 1/2-1/2

[Event "Titled Tuesday intern op 24th Aug"]
[Site "Chess.com INT"]
[Date "2021.08.24"]
[Round "8"]
[White "Desnica, Vladan"]
[Black "Bogumil, Tatiana"]
[Result "1-0"]
[WhiteElo "2303"]
[BlackElo "2182"]
[PlyCount "67"]
[EventDate "2021.08.24"]
[EventType "swiss (blitz)"]
[EventRounds "11"]
[EventCountry "USA"]
[SourceTitle "EXT 2022"]
[Source "ChessBase"]
[SourceDate "2021.10.06"]
[SourceVersion "1"]
[SourceVersionDate "2021.10.06"]
[SourceQuality "1"]

1. d4 Nf6 2. Nf3 c5 3. d5 d6 4. Nc3 g6 5. e4 Bg7 6. Bb5+ Nfd7 7. a4 0-0 8. 0-0 Na6 9. Re1 Nc7 10. Bc4 b6 11. Bf4 Ne5 12. Nxe5 dxe5 13. Be3 Ne8 14. Qd2 Nd6 15. Bf1 a6 16. a5 b5 17. Bxc5 Qc7 18. Bb6 Qd7 19. Rad1 Qg4 20. f3 Qd7 21. Na2 Bb7 22. Nb4 Rac8 23. b3 h5 24. Rc1 Kh7 25. c4 bxc4 26. bxc4 Bh6 27. Be3 Bxe3+ 28. Rxe3 Rc5 29. Rec3 Qc7 30. Nd3 Rc8 31. Nxe5 Rxa5 32. c5 Nb5 33. Bxb5 Qxe5 34. Bf1 1-0

[Event "Titled Tuesday intern op 24th Aug"]
[Site "Chess.com INT"]
[Date "2021.08.24"]
[Round "3"]
[White "Desnica, Vladan"]
[Black "Dahanayake, Isara Banidu"]
[Result "1-0"]
[WhiteElo "2303"]
[BlackElo "1721"]
[PlyCount "125"]
[EventDate "2021.08.24"]
[EventType "swiss (blitz)"]
[EventRounds "11"]
[EventCountry "USA"]
[SourceTitle "EXT 2022"]
[Source "ChessBase"]
[SourceDate "2021.10.06"]
[SourceVersion "1"]
[SourceVersionDate "2021.10.06"]
[SourceQuality "1"]

1. d4 Nf6 2. Nf3 g6 3. Bg5 Bg7 4. Nbd2 d5 5. e3 0-0 6. Be2 c5 7. c3 Ne4 8. Bh4 Nc6 9. 0-0 Bg4 10. Nxe4 dxe4 11. Nd2 Bxe2 12. Qxe2 cxd4 13. cxd4 f5 14. Nc4 Kh8 15. Rfd1 Qd5 16. Bg3 b5 17. Ne5 Bxe5 18. dxe5 Qe6 19. Rac1 Nb4 20. Qxb5 Nd3 21. Rc6 Qd7 22. e6 Qe8 23. Qc4 Rc8 24. Qd4+ Kg8 25. Rxc8 Qxc8 26. h4 Rd8 27. Qxa7 Qxe6 28. b3 Rd7 29. Qb8+ Kg7 30. Qb5 Rd5 31. Qc4 Qd7 32. a4 e6 33. Ra1 Rc5 34. Qd4+ Qxd4 35. exd4 Rc3 36. Be5+ Nxe5 37. dxe5 Rxb3 38. a5 Rb7 39. a6 Ra7 40. Kf1 g5 41. hxg5 Kg6 42. Ke2 Kxg5 43. Ke3 h5 44. g3 Kg4 45. Ra4 h4 46. gxh4 Kxh4 47. Kf4 Kh5 48. Ke3 Kg4 49. f3+ Kg5 50. fxe4 f4+ 51. Kf3 Rh7 52. a7 Rh2 53. a8Q Rh3+ 54. Kg2 Rg3+ 55. Kf2 Rb3 56. Qg8+ Kh4 57. Qh7+ Kg5 58. Qg7+ Kh4 59. Ra8 Rb2+ 60. Ke1 Rb1+ 61. Kd2 Rb2+ 62. Kc1 Rh2 63. Rh8# 1-0

[Event "Titled Tuesday intern op 24th Aug"]
[Site "Chess.com INT"]
[Date "2021.08.24"]
[Round "9"]
[White "Heinemann, Josefine"]
[Black "Desnica, Vladan"]
[Result "0-1"]
[WhiteElo "2296"]
[BlackElo "2303"]
[PlyCount "58"]
[EventDate "2021.08.24"]
[EventType "swiss (blitz)"]
[EventRounds "11"]
[EventCountry "USA"]
[SourceTitle "EXT 2022"]
[Source "ChessBase"]
[SourceDate "2021.10.06"]
[SourceVersion "1"]
[SourceVersionDate "2021.10.06"]
[SourceQuality "1"]

1. b3 d5 2. Bb2 e6 3. f4 c5 4. Nf3 Nc6 5. e3 Nf6 6. Bb5 Bd7 7. 0-0 Bd6 8. d3 0-0 9. c4 a6 10. Bxc6 Bxc6 11. Nc3 Qc7 12. cxd5 exd5 13. d4 cxd4 14. Nxd4 Rfe8 15. Re1 Bc5 16. Rc1 Ba7 17. Qd3 Qd7 18. Nf3 Ng4 19. Ne5 Nxe5 20. fxe5 Rxe5 21. Kh1 Rae8 22. Nd1 Rg5 23. Nf2 Qe6 24. Bd4 Bb8 25. Nh3 Rg4 26. Rf1 Bb5 27. Qc3 Bxf1 28. Rxf1 h6 29. Qd3 Qe4 0-1

[Event "Titled Tuesday intern op 24th Aug"]
[Site "Chess.com INT"]
[Date "2021.08.24"]
[Round "5"]
[White "Von Buelow, Georg"]
[Black "Desnica, Vladan"]
[Result "1-0"]
[WhiteElo "2361"]
[BlackElo "2303"]
[PlyCount "77"]
[EventDate "2021.08.24"]
[EventType "swiss (blitz)"]
[EventRounds "11"]
[EventCountry "USA"]
[SourceTitle "EXT 2022"]
[Source "ChessBase"]
[SourceDate "2021.10.06"]
[SourceVersion "1"]
[SourceVersionDate "2021.10.06"]
[SourceQuality "1"]

1. e4 e5 2. Nf3 Nc6 3. Nc3 Nf6 4. d4 exd4 5. Nxd4 Bb4 6. Nxc6 bxc6 7. Bd3 d5 8. exd5 cxd5 9. 0-0 0-0 10. Bg5 c6 11. Qf3 Rb8 12. h3 Bd6 13. b3 h6 14. Bd2 Re8 15. Rfe1 Be6 16. Ne2 c5 17. Nf4 Bc8 18. Rxe8+ Nxe8 19. Nxd5 Bb7 20. c4 Nc7 21. Be4 Nxd5 22. Bxd5 Bxd5 23. Qxd5 Qc7 24. Rd1 Bh2+ 25. Kf1 Rd8 26. Qf3 Bf4 27. Bc3 Rxd1+ 28. Qxd1 Qc6 29. Qd8+ Kh7 30. Qd3+ g6 31. Qd5 Qc7 32. g3 Bd6 33. Kg2 Qe7 34. Bd2 h5 35. Bg5 Qc7 36. Bf6 Bf8 37. a4 a5 38. Be5 Qa7 39. Bc3 1-0

[Event "Novi Sad TS Mix 156th"]
[Site "Novi Sad"]
[Date "2021.02.06"]
[Round "1"]
[White "Desnica, Vladan"]
[Black "Sedlak, Nikola"]
[Result "0-1"]
[WhiteElo "2286"]
[BlackElo "2542"]
[PlyCount "66"]
[EventDate "2021.02.06"]
[EventType "swiss"]
[EventRounds "10"]
[EventCountry "SRB"]
[SourceTitle "CBM 200 Extra"]
[Source "ChessBase"]
[SourceDate "2021.03.31"]
[SourceVersion "1"]
[SourceVersionDate "2021.03.31"]
[SourceQuality "1"]

1. g3 e5 2. c4 Nc6 3. Bg2 Bc5 4. Nc3 a6 5. Nf3 d6 6. 0-0 Nf6 7. e3 0-0 8. Qc2 Ba7 9. a3 h6 10. b3 Be6 11. Bb2 Qd7 12. Nh4 Bh3 13. Nd5 Nxd5 14. cxd5 Bxg2 15. Kxg2 Ne7 16. f4 Nxd5 17. fxe5 dxe5 18. Bxe5 f6 19. Bb2 Bxe3 20. Nf5 Bb6 21. Rae1 Rae8 22. Re4 h5 23. Qc4 Rxe4 24. Qxe4 Re8 25. Qf3 Qe6 26. Qxh5 Qe2+ 27. Qxe2 Rxe2+ 28. Kh3 Rxd2 29. Bc1 Rd3 30. b4 a5 31. Re1 axb4 32. axb4 Kf7 33. Re4 g6 0-1

[Event "Belgrade ChessAmateur op 5th"]
[Site "Belgrade"]
[Date "2019.01.06"]
[Round "5"]
[White "Desnica, Vladan"]
[Black "Ivanovic, Marko"]
[Result "0-1"]
[WhiteElo "2310"]
[BlackElo "2228"]
[PlyCount "82"]
[EventDate "2019.01.04"]
[EventType "swiss"]
[EventRounds "9"]
[EventCountry "SRB"]
[SourceTitle "CBM 188 Extra"]
[Source "ChessBase"]
[SourceDate "2019.02.26"]
[SourceVersion "1"]
[SourceVersionDate "2019.02.26"]
[SourceQuality "1"]

1. g3 c5 2. Bg2 Nc6 3. Nf3 g6 4. 0-0 Bg7 5. c3 e5 6. d3 d5 7. Nbd2 Nge7 8. e4 0-0 9. exd5 Nxd5 10. Re1 h6 11. a4 Be6 12. Nc4 Qc7 13. a5 Rad8 14. Qa4 Rfe8 15. Qb5 a6 16. Qa4 Bf5 17. Ne3 Bxd3 18. Nxd5 Rxd5 19. Nd2 Rd7 20. Ne4 Nd8 21. Nxc5 Bb5 22. Qa3 Bf8 23. Nxd7 Bxa3 24. Nf6+ Kg7 25. Nxe8+ Bxe8 26. Rxa3 Bc6 27. Be3 Bxg2 28. Kxg2 Nc6 29. b4 Qd6 30. Raa1 Qd5+ 31. Kg1 g5 32. Red1 Qc4 33. Rac1 Ne7 34. h3 Nd5 35. Bc5 h5 36. Kh2 h4 37. Rd2 Qe4 38. c4 Nf4 39. Rg1 Qf5 40. g4 Qe4 41. Be3 Qf3 0-1

[Event "Belgrade ChessAmateur op 5th"]
[Site "Belgrade"]
[Date "2019.01.06"]
[Round "4"]
[White "Zivkovic, Momcilo"]
[Black "Desnica, Vladan"]
[Result "0-1"]
[WhiteElo "2059"]
[BlackElo "2310"]
[PlyCount "70"]
[EventDate "2019.01.04"]
[EventType "swiss"]
[EventRounds "9"]
[EventCountry "SRB"]
[SourceTitle "CBM 188 Extra"]
[Source "ChessBase"]
[SourceDate "2019.02.26"]
[SourceVersion "1"]
[SourceVersionDate "2019.02.26"]
[SourceQuality "1"]

1. e4 e5 2. Nf3 Nc6 3. Bb5 a6 4. Ba4 d6 5. h3 Bd7 6. c3 g6 7. 0-0 Bg7 8. d4 Nge7 9. Be3 0-0 10. d5 Nb8 11. Bxd7 Nxd7 12. Nh2 f5 13. f3 Nf6 14. Nd2 Kh8 15. a4 a5 16. b4 Neg8 17. Qb1 Bh6 18. Bxh6 Nxh6 19. Nc4 Qb8 20. g4 Nf7 21. Kh1 axb4 22. cxb4 fxe4 23. f4 exf4 24. Rxf4 Nxd5 25. Rxe4 b5 26. Qb2+ Kg8 27. Na5 bxa4 28. Rd1 Rxa5 29. Qd4 Rb5 30. Qc4 Qb7 31. g5 Ne3 32. Qd4 Nxd1 33. Ng4 Nf2+ 34. Qxf2 Qxe4+ 35. Kh2 Nxg5 0-1

[Event "Veliko Gradiste Silver Lake op"]
[Site "Veliko Gradiste"]
[Date "2018.06.21"]
[Round "6"]
[White "Desnica, Vladan"]
[Black "Abramovic, Bosko"]
[Result "0-1"]
[WhiteElo "2300"]
[BlackElo "2415"]
[PlyCount "90"]
[EventDate "2018.06.17"]
[EventType "swiss"]
[EventRounds "9"]
[EventCountry "SRB"]
[SourceTitle "CBM 185 Extra"]
[Source "ChessBase"]
[SourceDate "2018.07.29"]
[SourceVersion "1"]
[SourceVersionDate "2018.07.29"]
[SourceQuality "1"]

1. d4 Nf6 2. c4 e6 3. Nc3 d5 4. cxd5 exd5 5. Bg5 Nbd7 6. e3 c6 7. Bd3 Be7 8. Qc2 Nh5 9. Bxe7 Qxe7 10. Nge2 g6 11. 0-0 0-0 12. Rae1 Nb6 13. Nc1 Ng7 14. f3 Be6 15. Nb3 Rad8 16. Qf2 f5 17. Nc5 Bc8 18. Bc2 Ne8 19. Nd3 Nd6 20. b3 Nd7 21. Qg3 Rde8 22. Nf4 Nf6 23. Na4 Rf7 24. Nc5 Rg7 25. h4 b6 26. Ncd3 Nf7 27. Nh3 Ba6 28. Kh1 c5 29. Qf2 h6 30. Rg1 g5 31. dxc5 bxc5 32. e4 fxe4 33. Qxc5 Bxd3 34. Qxe7 Rxe7 35. Bxd3 Ne5 36. hxg5 hxg5 37. Be2 g4 38. fxg4 d4 39. g5 Nfg4 40. Rc1 d3 41. Rc8+ Kh7 42. Bf3 exf3 43. gxf3 Nxf3 44. Rxg4 d2 45. Nf2 Re2 0-1

[Event "Veliko Gradiste Silver Lake op"]
[Site "Veliko Gradiste"]
[Date "2018.06.20"]
[Round "5"]
[White "Desnica, Vladan"]
[Black "Vatkali, Dimitra"]
[Result "1-0"]
[WhiteElo "2300"]
[BlackElo "1946"]
[PlyCount "97"]
[EventDate "2018.06.17"]
[EventType "swiss"]
[EventRounds "9"]
[EventCountry "SRB"]
[SourceTitle "CBM 185 Extra"]
[Source "ChessBase"]
[SourceDate "2018.07.29"]
[SourceVersion "1"]
[SourceVersionDate "2018.07.29"]
[SourceQuality "1"]

1. Nf3 d5 2. c4 c6 3. g3 Nf6 4. Bg2 dxc4 5. Qc2 Qc7 6. Qxc4 e5 7. 0-0 Be6 8. Qc2 Nbd7 9. d4 Bd6 10. Nc3 0-0 11. e4 Bg4 12. Nxe5 Nxe5 13. dxe5 Bxe5 14. f4 Bd4+ 15. Kh1 Rad8 16. Bd2 Qd7 17. f5 Be5 18. Bf4 Bxc3 19. bxc3 Qd3 20. Qxd3 Rxd3 21. h3 Be2 22. Rf2 Bd1 23. Rb1 b5 24. g4 Ba4 25. Rc1 Re8 26. e5 Nd5 27. Bxd5 cxd5 28. Kh2 h6 29. Kg2 Rc8 30. e6 fxe6 31. fxe6 Re8 32. Re2 g5 33. Bd6 Bd1 34. Re5 Bf3+ 35. Kf2 Be4 36. e7 Rxh3 37. Ke2 Bf3+ 38. Ke3 Bxg4+ 39. Kd4 Bf3 40. Rf5 Rh4+ 41. Kc5 Rc4+ 42. Kxb5 Be2 43. Ka5 Bh5 44. Rxd5 Rec8 45. Bb4 Be8 46. Rf1 Rb8 47. Rd8 Rb5+ 48. Ka6 Rb6+ 49. Kxa7 1-0

[Event "Veliko Gradiste Silver Lake op"]
[Site "Veliko Gradiste"]
[Date "2018.06.19"]
[Round "4"]
[White "Lajthajm, Borko"]
[Black "Desnica, Vladan"]
[Result "1-0"]
[WhiteElo "2432"]
[BlackElo "2300"]
[PlyCount "52"]
[EventDate "2018.06.17"]
[EventType "swiss"]
[EventRounds "9"]
[EventCountry "SRB"]
[SourceTitle "CBM 185 Extra"]
[Source "ChessBase"]
[SourceDate "2018.07.29"]
[SourceVersion "1"]
[SourceVersionDate "2018.07.29"]
[SourceQuality "1"]

1. e4 d6 2. d4 Nf6 3. Nc3 c6 4. Nf3 Bg4 5. h3 Bh5 6. g4 Bg6 7. Bd3 e6 8. Bg5 Qa5 9. Bd2 Qc7 10. Qe2 Be7 11. g5 Nfd7 12. Nh4 d5 13. Nxg6 hxg6 14. exd5 cxd5 15. Nb5 Qb6 16. Bf4 0-0 17. c3 a6 18. Nc7 Ra7 19. Nxd5 exd5 20. Qxe7 Qxb2 21. Rc1 b5 22. 0-0 Qxa2 23. Ra1 Qb2 24. Rfc1 Rc8 25. Qe1 Nb6 26. Bxb8 Rxb8 1-0

[Event "Veliko Gradiste Silver Lake op"]
[Site "Veliko Gradiste"]
[Date "2018.06.18"]
[Round "2"]
[White "Sade, Defne"]
[Black "Desnica, Vladan"]
[Result "0-1"]
[WhiteElo "1924"]
[BlackElo "2300"]
[PlyCount "70"]
[EventDate "2018.06.17"]
[EventType "swiss"]
[EventRounds "9"]
[EventCountry "SRB"]
[SourceTitle "CBM 185 Extra"]
[Source "ChessBase"]
[SourceDate "2018.07.29"]
[SourceVersion "1"]
[SourceVersionDate "2018.07.29"]
[SourceQuality "1"]

1. e4 e5 2. Nf3 Nc6 3. Bb5 a6 4. Ba4 d6 5. c3 Bd7 6. 0-0 g6 7. d4 Bg7 8. Re1 Nge7 9. d5 Nb8 10. Bxd7+ Nxd7 11. c4 a5 12. Nc3 0-0 13. a3 h6 14. Be3 f5 15. b4 f4 16. Bd2 g5 17. h3 Ng6 18. Nh2 Nf6 19. Na4 axb4 20. axb4 h5 21. c5 Rf7 22. Qe2 Bf8 23. f3 Rg7 24. Qb5 g4 25. hxg4 hxg4 26. Qxb7 Nh4 27. Kf1 g3 28. Ng4 Nxg4 29. fxg4 f3 30. Bh6 Nxg2 31. g5 Rxg5 32. Nc3 Rxa1 33. Rxa1 Rh5 34. Ne2 Rh1+ 35. Ng1 Qh4 0-1

[Event "Vojvodina-chT"]
[Site "Novi Sad"]
[Date "2017.11.13"]
[Round "1.3"]
[White "Krstic, Petar"]
[Black "Desnica, Vladan"]
[Result "1/2-1/2"]
[WhiteElo "2324"]
[BlackElo "2272"]
[PlyCount "93"]
[EventDate "2017.11.13"]
[EventType "team-tourn"]
[EventRounds "11"]
[EventCountry "SRB"]
[SourceTitle "CBM 181 Extra"]
[Source "ChessBase"]
[SourceDate "2017.12.12"]
[SourceVersion "1"]
[SourceVersionDate "2017.12.12"]
[SourceQuality "1"]
[WhiteTeam "Subotica Spartak"]
[BlackTeam "Petrovaradin Kraljica"]
[WhiteTeamCountry "SRB"]
[BlackTeamCountry "SRB"]

1. d4 Nf6 2. c4 e6 3. Nc3 Bb4 4. e3 b6 5. Nge2 Ne4 6. Qc2 Bb7 7. a3 Bxc3+ 8. Nxc3 Nxc3 9. Qxc3 0-0 10. b4 d5 11. c5 c6 12. Bd3 a5 13. Bd2 Ba6 14. cxb6 axb4 15. axb4 Qxb6 16. Ra5 Qb7 17. Bxa6 Rxa6 18. 0-0 Nd7 19. Rc1 Rc8 20. Qa3 Raa8 21. Ra1 Nb6 22. Qa2 h6 23. Bc3 Rcb8 24. h3 Qc8 25. Be1 Qc7 26. Bc3 Re8 27. Ra7 Rxa7 28. Qxa7 Rc8 29. Qxc7 Rxc7 30. Ra5 Nc4 31. Ra8+ Kh7 32. Kf1 Nd6 33. Ra6 Kg6 34. Ke2 f5 35. Be1 Kf7 36. f3 Nc4 37. Kd3 g5 38. Ra8 Kg7 39. g4 fxg4 40. hxg4 Rf7 41. Ke2 Rc7 42. Re8 Kf7 43. Rh8 Kg7 44. Ra8 Kf7 45. Rh8 Kg7 46. Ra8 Kf7 47. Rh8 1/2-1/2

[Event "Vojvodina-ch 7th"]
[Site "Novi Sad"]
[Date "2016.07.17"]
[Round "4"]
[White "Manojlovic, Sava"]
[Black "Desnica, Vladan"]
[Result "0-1"]
[WhiteElo "2097"]
[BlackElo "2261"]
[PlyCount "92"]
[EventDate "2016.07.15"]
[EventType "swiss"]
[EventRounds "9"]
[EventCountry "YUG"]
[SourceTitle "CBM 173 Extra"]
[Source "ChessBase"]
[SourceDate "2016.08.29"]
[SourceVersion "1"]
[SourceVersionDate "2016.08.29"]
[SourceQuality "1"]

1. d4 Nf6 2. Nf3 b6 3. g3 Bb7 4. Bg2 e6 5. 0-0 c5 6. c3 Be7 7. Nbd2 0-0 8. Re1 d5 9. Ne5 Nc6 10. Nxc6 Bxc6 11. Nc4 Rc8 12. Ne5 Qc7 13. Bg5 Rfd8 14. Nxc6 Qxc6 15. Bxf6 Bxf6 16. e3 cxd4 17. exd4 b5 18. a3 a5 19. Qd2 Qc4 20. Red1 h6 21. Bf1 Qb3 22. Bd3 b4 23. axb4 axb4 24. Rdc1 Rc7 25. Bc2 Qc4 26. Ra4 Bg5 27. f4 Be7 28. Bd3 bxc3 29. Qc2 cxb2 30. Bxc4 bxc1Q+ 31. Qxc1 Rdc8 32. Qc3 Rxc4 33. Rxc4 Rxc4 34. Qb2 g6 35. Kg2 Bf6 36. g4 Kg7 37. Qb7 Rxd4 38. Kf3 Rd2 39. h3 Rb2 40. Qd7 Rb3+ 41. Kg2 d4 42. h4 d3 43. g5 hxg5 44. hxg5 Ba1 45. Kf1 Rb1+ 46. Kg2 d2 0-1

[Event "Vojvodina-chT"]
[Site "Novi Sad"]
[Date "2015.11.16"]
[Round "8.2"]
[White "Desnica, Vladan"]
[Black "Azaric, Slavko"]
[Result "0-1"]
[WhiteElo "2269"]
[BlackElo "2336"]
[PlyCount "108"]
[EventDate "2015.11.10"]
[EventType "team-tourn"]
[EventRounds "9"]
[EventCountry "SRB"]
[SourceTitle "CBM 169 Extra"]
[Source "ChessBase"]
[SourceDate "2015.12.18"]
[SourceVersion "1"]
[SourceVersionDate "2015.12.18"]
[SourceQuality "1"]
[WhiteTeam "Petrovaradin Kraljica"]
[BlackTeam "Banovci Dunav"]
[WhiteTeamCountry "SRB"]
[BlackTeamCountry "SRB"]

1. d4 Nf6 2. c4 d6 3. Nf3 Nbd7 4. Nc3 e5 5. g3 g6 6. Bg2 Bg7 7. 0-0 0-0 8. b3 Re8 9. e3 c6 10. Ba3 Qa5 11. Qc1 e4 12. Nd2 d5 13. b4 Qd8 14. cxd5 cxd5 15. Nb5 Re6 16. Qc7 Qf8 17. Rfc1 a6 18. Qa5 b6 19. Qa4 Ne8 20. Rc3 Ne5 21. Nc7 Nxc7 22. Rxc7 b5 23. Qc2 Nc4 24. Nxc4 bxc4 25. Rc5 Qd8 26. Rb1 Rb8 27. Qa4 Bf8 28. Qa5 Qxa5 29. Rxa5 Rb5 30. Rxb5 axb5 31. Bc1 Ra6 32. a3 Bg4 33. Bb2 h5 34. Rc1 Be7 35. h3 Bf3 36. Bxf3 exf3 37. Ra1 Kg7 38. Bc3 Kf6 39. Bb2 Kf5 40. Rc1 Ke4 41. Rc3 h4 42. g4 f5 43. Kh1 Bd6 44. Bc1 fxg4 45. hxg4 h3 46. Bd2 Ra7 47. Be1 Bxb4 48. axb4 Ra1 49. Kh2 Rxe1 50. Kxh3 g5 51. Kg3 Rg1+ 52. Kh3 Rb1 53. Ra3 Rxb4 54. Ra8 c3 0-1